000 00305 a2200145 4500
001 15428
020 _a9781846468148
040 _cAnchieta - Bela Vista
100 _aClark, Lesley
240 1 0 _a1 2 3
_lIng
245 1 0 _a1 2 3
300 _a27
650 4 _aLiteratura infantil em inglês
942 _cBK
999 _c15428
_d15428